The Separation of East Pakistan (Record no. 13654)
[ view plain ]
| 000 -LEADER | |
|---|---|
| fixed length control field | 00381nam a22001337a 4500 |
| 020 ## - INTERNATIONAL STANDARD BOOK NUMBER | |
| ISBN | 0 19 577592 9 |
| 082 ## - DEWEY DECIMAL CLASSIFICATION NUMBER | |
| Classification number | 954.9 |
| Item number | ZAH |
| 100 ## - MAIN ENTRY--AUTHOR NAME | |
| Personal name | Hasan Zaheer |
| 245 ## - TITLE STATEMENT | |
| Title | The Separation of East Pakistan |
| Remainder of title | The Rise and realization of Bengali Muslim Nationalism |
| 260 ## - PUBLICATION, DISTRIBUTION, ETC. (IMPRINT) | |
| Place of publication | Karachi |
| Name of publisher | Oxford University Press |
| Year of publication | 1995 |
| 300 ## - PHYSICAL DESCRIPTION | |
| Number of Pages | XXXI, 511 Pages |
| 650 ## - SUBJECT ADDED ENTRY--TOPICAL TERM | |
| Topical Term | East Pakistan |
| 942 ## - ADDED ENTRY ELEMENTS (KOHA) | |
| Koha item type | Books |
| Withdrawn status | Lost status | Collection code | Permanent Location | Current Location | Shelving location | Date acquired | Full call number | Accession Number | Koha item type |
|---|---|---|---|---|---|---|---|---|---|
| | | Pakistan Studies / History | MAJU | MAJU | Shelf No.A30 | 2023-01-05 | 954.9 ZAH | 10747 | Books |